Sborník 7. mezinárodní vědeckotechnické konference vysokopecařů "Vítkovice 1984". Ostrava, 15.-18.5.1984

Bibliographic Details
Corporate Author: Mezinárodní vědeckotechnické konference vysokopecařů Ostrava, Česko (Author)
Format: Conference Proceeding Book
Language:Czech
English
French
German
Russian
PhysicalDescription:241 strán 4°
Published: Ostrava Dům techniky ČSVTS 1984
Subjects:

MARC

LEADER 00000cam a2200000 a 4500
001 vtls001386224
003 SK-MaSNL
005 20260301161507.0
008 250313s1984 xr fr 10000 cze
015 |a SNBA1984 
035 |a SNK000340380 
035 |a urn:nbn:sk:snk-am3izsy 
035 |a BCACE360-11A2-4865-9062-9C7E7B6D9B56 
035 |a urn:nbn:sk:snk-am00gmut 
040 |a SNK  |b slo  |c SNK  |e AACR2 
041 0 |a cze  |a eng  |a fre  |a ger  |a rus 
044 |a xr  |c CZ 
072 7 |a 669  |x Metalurgia  |2 konspekt 
080 |a 669  |2 2011 
080 |a 669.162.2/.4  |2 2011 
080 |a (062.534)  |2 2011 
111 2 |a Mezinárodní vědeckotechnické konference vysokopecařů  |n (7. :  |d 1984 :  |c Ostrava, Česko)  |4 aut  |9 524593 
245 1 0 |a Sborník 7. mezinárodní vědeckotechnické konference vysokopecařů "Vítkovice 1984". Ostrava, 15.-18.5.1984 
260 |a Ostrava  |b Dům techniky ČSVTS  |c 1984 
300 |a 241 strán  |c 4° 
546 |a Čiastočný text v angličtine, francúzštine, nemčine a ruštine. Súbežný názov v angličtine 
650 0 7 |a metalurgia  |2 SNKPH  |9 941 
650 0 7 |a vysoké pece  |2 SNKPH  |9 30187 
655 7 |a zborníky konferencií  |2 SNKPH  |9 70153 
852 |a Slovenská národná knižnica 
958 |a ART 
958 |a OND 
999 |c 809673  |d 811603 
952 |t P60, <04>, [BOOK], {604}  |a SNK  |b SNK  |y VYP  |7 0  |p 17A0233822  |o snkSB 35643/1 D1  |0 0  |1 0  |4 0  |d 2000-04-03  |l 0  |r 2005-01-02 00:00:00  |w 2026-02-24 
952 |a SNK  |b SNK  |y PREZ  |7 0  |p 17A0781977  |o snkSB 35643/1  |0 0  |1 0  |4 0  |d 2012-03-21  |f 1  |l 0  |r 2025-04-11 00:00:00  |w 2026-02-24